Longman academic reading series. 3 : Reading skills for college

The series also encourages students to discuss and write about the ideas they discovered in the readings, making them better speakers and writers of English as well.

Gardado en:
Detalles Bibliográficos
Autor Principal: Miller, Judy L.
Formato: Libro
Idioma:Undetermined
Publicado: White Plains, N.Y Pearson Education 2017
Những chủ đề:
Các nhãn: Engadir etiqueta
Sen Etiquetas, Sexa o primeiro en etiquetar este rexistro!
Thư viện lưu trữ: Trung tâm Học liệu Trường Đại học Cần Thơ
LEADER 00804nam a2200217Ia 4500
001 CTU_230434
008 210402s9999 xx 000 0 und d
082 |a 428.64 
082 |b M647 
100 |a Miller, Judy L. 
245 0 |a Longman academic reading series. 3 : 
245 0 |b Reading skills for college 
245 0 |c Judy L. Miller, Robert F. Cohen. 
260 |a White Plains, N.Y 
260 |b Pearson Education 
260 |c 2017 
520 |a The series also encourages students to discuss and write about the ideas they discovered in the readings, making them better speakers and writers of English as well. 
650 |a Reading comprehension,Đọc hiểu 
650 |x Câu hỏi và bài tập 
904 |i Tuyến 
980 |a Trung tâm Học liệu Trường Đại học Cần Thơ